00646nam a22001695i 4500001000700000003000900007005001700016008004100033040002000074100004600094245004900140260004400189300005300233490005000286830005000336852009000386166206ES-MaACL20250702063125.0050914s1873 gw ad | |||||||| ||eng d aCAM bspa cCAM1 aThackeray, William Makepeace, d1811-186314aThe Paris sketch book / cby W.M. Thackeray. aLeipzig : bBernhard Tauchnitz, c1873. a2 v. (286 ; 272 p., [1] h. de lám.) ; c16 cm.1 aCollection of british authors ; v1335 ; 13360 aCollection of british authors ; v1335 ; 1336 aES-MaACLjG-12858 z-- Enc. hol., conservando la cub. original z-- Enc. 2 t. en 1 v.